• 首页
  • 本馆介绍
  • 公告通知
  • 最新文献
  • 馆藏检索
  • 电子资源
  • 读者导购
  • 参考咨询
  • 我的图书馆
  • 登录
  • 详细信息显示
  • 放入我的书架
  • 预约/预借图书
  • 作者相关作品
  • 分类相关作品
  • 丛书相关作品
  • 出版社相关作品

书目信息

  • 表格格式
  • 工作单格式
  • 卡片格式
题名:
最新家装细部设计图典
    
 
作者: ;宜家文化 编
分册:   时尚
出版信息: 北京   中国电力出版社  2015.03
页数: 132页
开本: 24cm
丛书名:
单 册:
中图分类: TU767-64
科图分类:
主题词: 住宅--zhu zhai--室内装饰设计--细部设计--图集
电子资源:
ISBN: 978-7-5123-7141-5
000 00861nam0 2200229 450
001 0106081924
005 20201106082048.0
010    @a978-7-5123-7141-5@dCNY36.00
100    @a20150712e20202015em y0chiy50 ea
101 0  @achi
102    @aCN@b110000
105    @aa z 000yy
106    @ar
200 1  @a最新家装细部设计图典@Azui xin jia zhuang xi bu she ji tu dian@i时尚@f宜家文化编
210    @a北京@c中国电力出版社@d2015.03@h2020.02
215    @a132页@d24cm
330    @a本书介绍了时下流行的“时尚”家装设计风格,内容涉及客厅、餐厅、卧室、书房、玄关、过道、休闲区等空间。书中每张图片都标注了详细的装修主材和工艺方法,全方位展示家居细部空间的创意设计。
606 0  @a住宅@Azhu zhai@x室内装饰设计@x细部设计@j图集
690    @aTU767-64@v5
711 02 @a宜家文化@Ayi jia wen hua@4编
801  0 @aCN@bBJSZM@c20201106
905    @b1194844-7@dTU767-64@e1684@f4
    
    最新家装细部设计图典.时尚/宜家文化编.-北京:中国电力出版社,2015.03(2020.02)
    132页;24cm
    
    
    ISBN 978-7-5123-7141-5:CNY36.00
    本书介绍了时下流行的“时尚”家装设计风格,内容涉及客厅、餐厅、卧室、书房、玄关、过道、休闲区等空间。书中每张图片都标注了详细的装修主材和工艺方法,全方位展示家居细部空间的创意设计。
●
相关链接 在E读中查询图书 在五车中查询图书 在当当中查询图书 在豆瓣中查询图书


正题名:最新家装细部设计图典     索取号:TU767-64/1684         预约/预借

序号 登录号 条形码 馆藏地/架位号 状态 备注
1 1194844   211948446   第二样本阅览室/ [索取号:TU767-64/1684] 在馆    
2 1194845   211948455   第三借阅区/ [索取号:TU767-64/1684] 在馆    
3 1194846   211948464   第三借阅区/ [索取号:TU767-64/1684] 在馆    
4 1194847   211948473   第三借阅区/ [索取号:TU767-64/1684] 在馆    
唐山师范学院图书馆 欢迎您!
大连网信软件有限公司© 版权所有